000 00932nas a2200313 4500
001 BR0700985
003 BR-BrBNA
005 20231205110607.0
007 ta
008 230509b bl.|||p| |||| 00| 00por d
040 _aBR-BrBNA
_bpor
_cBiblioteca Nacional de Agricultura
041 _a(Pt)
072 _aF02
100 1 _aMachado, M.P.
100 1 _aBiasi, L.A.
100 1 _aRitter, M.
100 1 _aRibas, L.L.F.
100 1 _aKoehler, H.S.
100 1 _aZanette, F.
245 1 _aMeios de cultura na micropropagação do porta-enxerto de videira "VR043-43" (Vitis vinifera x Vitis rotundifolia)
650 _aUVA
650 _aMICROPROPAGAÇÃO
650 _aPORTA ENXERTO
650 _aCULTURA DE TECIDO
650 _aENRAIZAMENTO
773 0 _tCiência Rural (Brazil)
_xISSN 0103-8478
_g(Jan-Feb 2007), v. 37(1) p. 277-280
_wBR0700985
909 _a202311
_bLúcia
_c55
_dLúcia Elande
942 _2AGRIS
_n0
_cANA
999 _c188089
_d188089